रामचरितमानस गोस्वामी तुलसीदासविरचित राम नाम बंदनाप्रदोहा 19/1 ते 27 मूळ सहित हिंदी विवरण. (Record no. 1354579)

MARC details
000 -LEADER
fixed length control field 01594nam a2200181Ia 4500
008 - FIXED-LENGTH DATA ELEMENTS--GENERAL INFORMATION
fixed length control field 151202s9999||||xx |||||||||||||| ||und||
082 ## - DEWEY DECIMAL CLASSIFICATION NUMBER
Item number PNVM-124451
100 ## - MAIN ENTRY--PERSONAL NAME
Personal name प्रज्ञानानन्दसरस्वती(कर्वेस्वामी-चासकमान-परांडा).
245 ## - TITLE STATEMENT
Title रामचरितमानस गोस्वामी तुलसीदासविरचित राम नाम बंदनाप्रदोहा 19/1 ते 27 मूळ सहित हिंदी विवरण.
260 ## - PUBLICATION, DISTRIBUTION, ETC. (IMPRINT)
Name of publisher, distributor, etc श्री रामचरित मानस प्रेमी मंडळ ट्रस्ट रजि. नं.ए /929 डोंबिवली पूर्व 421 201.
260 ## - PUBLICATION, DISTRIBUTION, ETC. (IMPRINT)
Date of publication, distribution, etc 1989
300 ## - PHYSICAL DESCRIPTION
Extent 133
600 ## - SUBJECT ADDED ENTRY--PERSONAL NAME
Personal name प्रज्ञानानन्दसरस्वती(कर्वेस्वामी-चासकमान-परांडा).
630 ## - SUBJECT ADDED ENTRY--UNIFORM TITLE
Uniform title रामचरितमानस गोस्वामी तुलसीदासविरचित राम नाम बंदनाप्रदोहा 19/1 ते 27 मूळ सहित हिंदी विवरण.
700 ## - ADDED ENTRY--PERSONAL NAME
Personal name प्रज्ञानानन्दसरस्वती(कर्वेस्वामी-चासकमान-परांडा).
730 ## - ADDED ENTRY--UNIFORM TITLE
Uniform title रामचरितमानस गोस्वामी तुलसीदासविरचित राम नाम बंदनाप्रदोहा 19/1 ते 27 मूळ सहित हिंदी विवरण.
942 ## - ADDED ENTRY ELEMENTS (KOHA)
Koha item type Book
Holdings
Withdrawn status Lost status Damaged status Not for loan Home library Current library Date acquired Cost, normal purchase price Total Checkouts Full call number Barcode Date last seen Cost, replacement price Price effective from Koha item type
        Pune Nagar Vachan Mandir, Pune Pune Nagar Vachan Mandir, Pune 06/21/2015 0.00   PNVM-124451 PNVM-124451 12/02/2015 0.00 12/02/2015 Book